<?xml version="1.0" encoding="UTF-8"?><?xml-stylesheet type="text/xsl" href="static/style.xsl"?><OAI-PMH xmlns="http://www.openarchives.org/OAI/2.0/" xmlns:xsi="http://www.w3.org/2001/XMLSchema-instance" xsi:schemaLocation="http://www.openarchives.org/OAI/2.0/ http://www.openarchives.org/OAI/2.0/OAI-PMH.xsd"><responseDate>2026-04-17T02:59:31Z</responseDate><request verb="GetRecord" identifier="oai:www.recercat.cat:11351/8810" metadataPrefix="marc">https://recercat.cat/oai/request</request><GetRecord><record><header><identifier>oai:recercat.cat:11351/8810</identifier><datestamp>2025-10-24T10:42:45Z</datestamp><setSpec>com_2072_378070</setSpec><setSpec>com_2072_378040</setSpec><setSpec>col_2072_378092</setSpec></header><metadata><record xmlns="http://www.loc.gov/MARC21/slim" xmlns:dcterms="http://purl.org/dc/terms/" xmlns:xsi="http://www.w3.org/2001/XMLSchema-instance" xmlns:doc="http://www.lyncode.com/xoai" xsi:schemaLocation="http://www.loc.gov/MARC21/slim http://www.loc.gov/standards/marcxml/schema/MARC21slim.xsd">
   <leader>00925njm 22002777a 4500</leader>
   <datafield ind2=" " ind1=" " tag="042">
      <subfield code="a">dc</subfield>
   </datafield>
   <datafield ind2=" " ind1=" " tag="720">
      <subfield code="a">Avila, Juan Carlos</subfield>
      <subfield code="e">author</subfield>
   </datafield>
   <datafield ind2=" " ind1=" " tag="720">
      <subfield code="a">Duque-Yemail, Juan D</subfield>
      <subfield code="e">author</subfield>
   </datafield>
   <datafield ind2=" " ind1=" " tag="260">
      <subfield code="c">2023-01-12T07:17:25Z</subfield>
   </datafield>
   <datafield ind2=" " ind1=" " tag="260">
      <subfield code="c">2023-01-12T07:17:25Z</subfield>
   </datafield>
   <datafield ind2=" " ind1=" " tag="260">
      <subfield code="c">2022-07-13</subfield>
   </datafield>
   <datafield ind2=" " ind1=" " tag="520">
      <subfield code="a">Atypical antipsychotics; Cariprazine; Resistant schizophrenia</subfield>
   </datafield>
   <datafield ind2=" " ind1=" " tag="520">
      <subfield code="a">Antipsicóticos atípicos; Cariprazina; Esquizofrenia resistente</subfield>
   </datafield>
   <datafield ind2=" " ind1=" " tag="520">
      <subfield code="a">Antipsicòtics atípics; Cariprazina; Esquizofrènia resistent</subfield>
   </datafield>
   <datafield ind2=" " ind1=" " tag="520">
      <subfield code="a">Despite many available treatments for schizophrenia, several unmet needs persist in treating individuals with this disorder, and the response rate to first-line antipsychotics remains relatively low. Clozapine has shown efficacy in treating schizophrenia patients who failed to respond to previous antipsychotics. However, side effects and the need for routine blood tests have limited its use as a first-line treatment. Cariprazine is a D2/D3 partial agonist antipsychotic with a mechanism of action that differs from other antipsychotics due to its higher affinity for D3 receptors. Several trials have demonstrated the efficacy of cariprazine on positive and negative symptoms of schizophrenia and have shown that it is a well-tolerated treatment. In this series, we present 3 cases of patients diagnosed with schizophrenia who were initially under treatment with clozapine. Despite some initial improvement, the patients showed persisting positive and negative symptoms or developed limiting side effects while in treatment with clozapine. Cariprazine treatment was titrated concurrently with clozapine tapering until its discontinuation. Significant improvement in both positive and negative symptoms was observed up to 14 months after starting cariprazine, and resolution of side effects was reported in all cases. Our case series supports cariprazine as an effective treatment for positive and negative symptoms in patients who failed to adequately respond or poorly tolerated treatment with clozapine, as well as a potential treatment in dual disorders, specifically psychotic disorders and cocaine use disorder.</subfield>
   </datafield>
   <datafield ind1="8" ind2=" " tag="024">
      <subfield code="a">http://hdl.handle.net/11351/8810</subfield>
   </datafield>
   <datafield tag="653" ind2=" " ind1=" ">
      <subfield code="a">Esquizofrènia - Tractament</subfield>
   </datafield>
   <datafield tag="653" ind2=" " ind1=" ">
      <subfield code="a">Antipsicòtics - Ús terapèutic</subfield>
   </datafield>
   <datafield tag="653" ind2=" " ind1=" ">
      <subfield code="a">PSYCHIATRY AND PSYCHOLOGY::Mental Disorders::Schizophrenia Spectrum and Other Psychotic Disorders::Schizophrenia</subfield>
   </datafield>
   <datafield tag="653" ind2=" " ind1=" ">
      <subfield code="a">Other subheadings::Other subheadings::Other subheadings::/drug therapy</subfield>
   </datafield>
   <datafield tag="653" ind2=" " ind1=" ">
      <subfield code="a">CHEMICALS AND DRUGS::Chemical Actions and Uses::Pharmacologic Actions::Physiological Effects of Drugs::Central Nervous System Depressants::Tranquilizing Agents::Antipsychotic Agents</subfield>
   </datafield>
   <datafield tag="653" ind2=" " ind1=" ">
      <subfield code="a">Other subheadings::Other subheadings::/therapeutic use</subfield>
   </datafield>
   <datafield tag="653" ind2=" " ind1=" ">
      <subfield code="a">PSIQUIATRÍA Y PSICOLOGÍA::trastornos mentales::espectro de la esquizofrenia y otros trastornos psicóticos::esquizofrenia</subfield>
   </datafield>
   <datafield tag="653" ind2=" " ind1=" ">
      <subfield code="a">Otros calificadores::Otros calificadores::Otros calificadores::/farmacoterapia</subfield>
   </datafield>
   <datafield tag="653" ind2=" " ind1=" ">
      <subfield code="a">COMPUESTOS QUÍMICOS Y DROGAS::acciones y usos químicos::acciones farmacológicas::efectos fisiológicos de los fármacos::depresores del sistema nervioso central::tranquilizantes::antipsicóticos</subfield>
   </datafield>
   <datafield tag="653" ind2=" " ind1=" ">
      <subfield code="a">Otros calificadores::Otros calificadores::/uso terapéutico</subfield>
   </datafield>
   <datafield ind2="0" ind1="0" tag="245">
      <subfield code="a">Switching Clozapine to Cariprazine in Three Patients with Persistent Symptoms of Schizophrenia: A Case Series</subfield>
   </datafield>
</record></metadata></record></GetRecord></OAI-PMH>